| 000 | 00737nam a2200169 a 4500 | ||
|---|---|---|---|
| 001 | 000015208 | ||
| 005 | 20200929163959.0 | ||
| 008 | 100203s2004 ck a 000 0 spa d | ||
| 040 |
_aDO-SdBNP _bspa _cBNPHU |
||
| 082 |
_axxxxxxx _bxxxxx |
||
| 100 | 1 |
_aNieto, Eliana Patricia _934440 |
|
| 245 | 1 | 0 |
_aBiblioteca de formación integral : _bplan educacional para el desarrollo de futuros líderes / _cEliana Patricia Nieto. |
| 260 |
_aColombia : _bEdiciones Culturales Internacionales, _c2004. |
||
| 300 |
_a5 v. : _bil. ; _c27 cm. |
||
| 505 | 2 |
_gv.1: _tLa persona y su relación consigo misma -- _gv.2: _tLa familia -- _gv.3: _tLa comunidad -- _gv.4: _tLo trascendente del ser humano -- _gv.5: _tLecturas para reflexionar en familia -- |
|
| 049 | _aBNPD | ||
| 999 |
_c14779 _d14779 |
||